Loading...
| History - European History | 0 | 3 | 0 | 0 | 30 | 89 | 101.33 | 0 | 2 |
| Geography/Current Events | 0 | 3 | 0 | 0 | 30 | 36 | 77.33 | 1 | 3 |
| Social Science | 0 | 3 | 1 | 1 | 25 | 67 | 86.33 | 0 | 0 |
| Science - Other Science | 0 | 2 | 0 | 0 | 20 | 92 | 94.00 | 1 | 1 |
| Religion | 0 | 2 | 1 | 0 | 15 | 39 | 63.50 | 1 | 1 |
| History - American History | 0 | 2 | 1 | 0 | 15 | 28 | 55.00 | 1 | 1 |
| Literature - World/Other Literature | 0 | 1 | 0 | 0 | 10 | 13 | 13.00 | 1 | 1 |
| History - Other History | 0 | 1 | 0 | 0 | 10 | 86 | 86.00 | 0 | 1 |
| History - World History | 0 | 1 | 0 | 0 | 10 | 97 | 97.00 | 0 | 0 |
| Science - Biology | 0 | 1 | 0 | 0 | 10 | 17 | 17.00 | 1 | 1 |
| Philosophy | 0 | 1 | 2 | 0 | 0 | 82 | 82.00 | 0 | 0 |
| Science - Chemistry | 0 | 0 | 1 | 0 | -5 | 0.00 | 0 | 0 | |
| Fine Arts - Classical Music | 0 | 0 | 1 | 0 | -5 | 0.00 | 0 | 0 |